000 00881nam a2200265Ia 4500
003 OSt
005 20220918111953.0
006 a|||||r|||| 00| 0
007 ta
008 220915b |||||||| |||| 00| 0 hin d
024 _a174520
037 _cTextbook
040 _bhin
_aARTS
_cARTS
041 _ahin
082 _aO152,1M96,13, J8
100 _aनिराला, सूर्यकान्त त्रिपाठी
_911557
245 0 _aअनामिका
246 _aAnāmikā
250 _aसंस्क0 5
260 _aप्रयाग
_bभारती भंडार भारत
_c1958
300 _a198पृ0
_ccm.
650 _aहिन्दी साहित्य
942 _hO152,1M96,13, J8
_cTB
_2CC
999 _c117618
_d117618